|
|
|
|
| LEADER |
00000nam a2200000 a 4500 |
| 005 |
20111223130823.0 |
| 007 |
cr|||| |||| |
| 008 |
031202s2003 sp |||||| 00| ||spa|| |
| 017 |
|
|
|a DL M. 40626-2003
|
| 020 |
|
|
|a 8495748436
|
| 020 |
|
|
|a 9788495748430 (cart.)
|
| 035 |
|
|
|a 2619
|
| 040 |
|
|
|d vLex
|
| 090 |
|
|
|c 2872
|d 2872
|
| 100 |
1 |
|
|a Rivero Alemǹ, Santiago
|
| 245 |
1 |
3 |
|a El salvamento mart̕imo
|h [Recurso electrn̤ico] :
|b la circunstancia de peligro y su jurisprudencia /
|c Santiago Rivero Alemǹ
|
| 256 |
|
|
|a Servicio en ln̕ea
|
| 260 |
|
|
|a Madrid :
|b Dijusa,
|c 2003 (m)
|
| 300 |
|
|
|a 1 recurso electrn̤ico
|
| 504 |
|
|
|a Bibliografa̕ p. 429-443
|
| 506 |
1 |
|
|a Contenido solo disponible en los productos indicados
|d vLex Global
|d vLex Global (Academic Edition, excluding Law Schools)
|d vLex Global (U.S. Academic Edition, Law Schools)
|d vLex Global (U.S. Academic Edition, excluding Law Schools)
|d vLex Global (Academic Edition, Law Schools)
|
| 650 |
0 |
4 |
|a Salvamento (Derecho mart̕imo)
|z Espaą
|x Jurisprudencia
|
| 650 |
0 |
4 |
|a Salvamento (Derecho mart̕imo)
|
| 740 |
0 |
|
|a vLex Libros (Servicio en ln̕ea)
|
| 856 |
4 |
0 |
|u http://vlex.com/source/salvamento-maritimo-2619
|z Acceso restringido
|
| 942 |
|
|
|c BOOK
|
| 999 |
0 |
|
|a Maritime law
|